000 00679cam a2200193 a 4500
001 000006653
005 20200929153951.0
008 770119s1976 ve f000 0 spa
040 _aDO-SdBNP
_bspa
_cBNPHU
082 _a987.04
_bT716c
100 1 _aTosta García, Francisco,
_d1852-1921.
_918056
245 1 0 _aCarabobo /
_cFrancisco Tosta García.
260 _aCaracas :
_bOficina Central de Información,
_c1976.
300 _a285 p. ;
_c18 cm.
490 1 _aEpisodios Venezolanos ;
_vno. 6
651 4 _aVenezuela
_xHistoria
_xGuerra De Independencia, 1810-1823.
_918491
651 4 _aVenezuela
_xVida Social Y Costumbres.
_916779
830 0 _aEpisodios Venezolanos ;
_nno. 6
_918492
999 _c6443
_d6443